Promises To Keep : (Record no. 4954)

MARC details
000 -LEADER
fixed length control field 00971nam a22002897a 4500
001 - CONTROL NUMBER
control field 4954
003 - CONTROL NUMBER IDENTIFIER
control field FISKH
005 - DATE AND TIME OF LATEST TRANSACTION
control field 20241028135229.0
008 - FIXED-LENGTH DATA ELEMENTS--GENERAL INFORMATION
fixed length control field 241028b cb ||||| |||| 00| 0 eng d
020 ## - INTERNATIONAL STANDARD BOOK NUMBER
International Standard Book Number 9780439678759
040 ## - CATALOGING SOURCE
Original cataloging agency FISKH
Language of cataloging eng
Transcribing agency FISKH
Modifying agency FISKH
050 ## - LIBRARY OF CONGRESS CALL NUMBER
Classification number GV865.R6
082 ## - DEWEY DECIMAL CLASSIFICATION NUMBER
Classification number 796.357
100 ## - MAIN ENTRY--PERSONAL NAME
Personal name Robinson, Sharon
245 ## - TITLE STATEMENT
Title Promises To Keep :
Remainder of title How Jackie Robinson Changed America /
Statement of responsibility, etc. by Sharon Robinson
250 ## - EDITION STATEMENT
Edition statement First Scholastic paperback printing, February 2005
260 ## - PUBLICATION, DISTRIBUTION, ETC.
Place of publication, distribution, etc. New York :
Name of publisher, distributor, etc. Scholastic ;
Date of publication, distribution, etc. 2004 .
300 ## - PHYSICAL DESCRIPTION
Extent 64 pages :
Other physical details color illustrations ;
Dimensions 27 cm .
505 ## - FORMATTED CONTENTS NOTE
Formatted contents note Z <br/>
520 ## - SUMMARY, ETC.
Summary, etc. A biography of baseball legend Jackie Robinson, the first African American to play in the major leagues, as told by his daughter.
521 8# - TARGET AUDIENCE NOTE
Target audience note 1030 <br/>
Source Lexile <br/>
521 8# - TARGET AUDIENCE NOTE
Target audience note Z <br/>
Source Raz-Plus <br/>
650 ## - SUBJECT ADDED ENTRY--TOPICAL TERM
Topical term or geographic name entry element black history
Form subdivision non-fiction
700 ## - ADDED ENTRY--PERSONAL NAME
Personal name Kristina, Albertson
Relator term editor
942 ## - ADDED ENTRY ELEMENTS (KOHA)
Source of classification or shelving scheme Dewey Decimal Classification
Koha item type Books
Suppress in OPAC No
Holdings
Withdrawn status Lost status Source of classification or shelving scheme Damaged status Not for loan Collection Home library Current library Shelving location Date acquired Total Checkouts Full call number Barcode Date last seen Copy number Price effective from Koha item type
    Dewey Decimal Classification     Non-Fiction Footprints International School Library Network Toul Kork Campus Footprints International School Library Network Toul Kork Campus TTP Secondary Non-Fiction Bookshelves 10/28/2024   ROB 796.357 GV865.R6 FISSE00858 10/28/2024 1 10/28/2024 Books
    Dewey Decimal Classification     Non-Fiction Footprints International School Library Network Toul Kork Campus Footprints International School Library Network Toul Kork Campus TTP Secondary Non-Fiction Bookshelves 10/28/2024   ROB 796.357 GV865.R6 FISSE00856 10/31/2024 2 10/28/2024 Books